000 02349nam0a2200361 4500
001 RU\NLR\bibl\1860511
005 20260409070416.0
010 _a978-5-9902853-1-6
_92000
021 _aRU
_b2011-104159
_97453
035 _a(NLR Aleph) 001850414
090 _a2394117
_c2394117
100 _a20120126d2011 |||y0rusy50 ca
101 0 _arus
102 _aRU
105 _aa |||||||||
200 1 _aОсновы компьютерной грамотности
_eначальный уровень
_eучебное пособие по программе Губернатора Тюменской области по повышению компьютерной грамотности населения "Расширяя горизонты"
_fГос. автоном. образоват. учреждение Тюменской области "Информационно-образовательный центр" ("РИО-Центр")
_g[под ред.: Т.С. Григорьевой и др.]
210 _aТюмень
_cДуб
_d2011
215 _a171 с.
_cил., портр.
_d24
225 1 _aПрограмма губернатора Тюменской области по повышению компьютерной грамотности населения Расширяя горизонты
300 _aНа обл.: Обучающее пособие по курсу: "Основы компьютерной грамотности"
606 1 _aКомпьютеры
_jУчебные издания
_92078411
_3RU\NLR\auth\661254265
606 _aINTERNET, глобальная информационная сеть
_jУчебные издания
_91323271
_3RU\NLR\auth\66234270
686 _aЗ973.2я7
686 _aЗ988.02я7
702 1 _4340
_7ca
_8rus
_aГригорьева
_bТ. С.
_cэкономист, информ. технологии
_gТатьяна Сергеевна
_9105296
_3RU\NLR\auth\77122371
712 0 2 _4570
_a"Информационно-образовательный центр", государственное автономное образовательное учреждение Тюменской области
_9303099
_3RU\NLR\AUTH\8810207927
801 0 _aRU
_bNLR
_c20120126
_gRCR
801 1 _aRU
_bNLR
_c20120126
942 _cBOOK
980 _aNB
980 _aNBR